Corporate information strategy and management (Record no. 1699)
[ view plain ]
| 000 -LEADER | |
|---|---|
| fixed length control field | 01036nam a2200193 4500 |
| 020 ## - INTERNATIONAL STANDARD BOOK NUMBER | |
| ISBN | 9780071263191 |
| 020 ## - INTERNATIONAL STANDARD BOOK NUMBER | |
| ISBN | 0071263195 |
| 050 ## - CALL NUMBER | |
| Classification number | HD30.2 |
| Item number | .Ap4 |
| 100 ## - AUTHOR | |
| Personal name | Applegate, Lynda M |
| 245 ## - TITLE | |
| Title | Corporate information strategy and management |
| Remainder of title | text and cases |
| Statement of responsibility, etc | Lynda M Applegate; |
| 250 ## - EDITION | |
| Edition statement | 8th |
| 260 ## - PUBLICATION INFORMATION | |
| Place of publication | Boston |
| Name of publisher | McGraw-Hill Irwin |
| Year of publication | 2009 |
| 300 ## - DESCRIPTION | |
| Number of Pages | xi, 513 pages : |
| Other physical details | illustrations, maps ; |
| Dimensions | 24 cm |
| 505 ## - FORMATTED CONTENTS NOTE | |
| Table of Content | Module One: IT and Business Advantage --<br/>1. Understanding business models --<br/>2. IT impact on business models --<br/>3. IT impact on organizations --<br/>4. Making the case for IT --<br/>Module Two: The Business of IT : 5. Understanding IT infrastructure --<br/>6. Assuring reliable and secure IT services --<br/>7. Managing IT service delivery --<br/>8 . Managing IT project delivery --<br/>Module Three: It Leadership --<br/>9. Governance of the IT function --<br/>10. Leadership of the IT function. |
| 650 ## - SUBJECTS | |
| Topical Term | Information Technology -- Management |
| 700 ## - OTHER AUTHORS | |
| Personal name | Robert D Austin |
| 700 ## - OTHER AUTHORS | |
| Personal name | Deborah L Soule |
| 942 ## - ADDED ENTRY ELEMENTS (KOHA) | |
| Koha item type | Books |
| Withdrawn status | Lost status | Collection code | Home library | Current library | Shelving location | Date acquired | Full call number | Accession Number | Koha item type |
|---|---|---|---|---|---|---|---|---|---|
| Reference | Methodist University Library Main | Methodist University Library Main | General Stacks | 15/05/2017 | HD30.2 .Ap4 | 6282 | Books |